<?xml version="1.0" encoding="UTF-8"?>
<record
    xmlns:xsi="http://www.w3.org/2001/XMLSchema-instance"
    xsi:schemaLocation="http://www.loc.gov/MARC21/slim http://www.loc.gov/standards/marcxml/schema/MARC21slim.xsd"
    xmlns="http://www.loc.gov/MARC21/slim">

  <leader>01390nam a22003017a 4500</leader>
  <controlfield tag="001">4789</controlfield>
  <controlfield tag="003">FISKH</controlfield>
  <controlfield tag="005">20241016110939.0</controlfield>
  <controlfield tag="008">241014b        cb ||||| |||| 00| 0 eng d</controlfield>
  <datafield tag="020" ind1=" " ind2=" ">
    <subfield code="a">9780194791977</subfield>
  </datafield>
  <datafield tag="040" ind1=" " ind2=" ">
    <subfield code="a">FISKH</subfield>
    <subfield code="b">eng</subfield>
    <subfield code="c">FISKH</subfield>
    <subfield code="d">FISKH</subfield>
  </datafield>
  <datafield tag="050" ind1=" " ind2=" ">
    <subfield code="a">PE1126.A4</subfield>
  </datafield>
  <datafield tag="082" ind1=" " ind2=" ">
    <subfield code="a">428.6</subfield>
  </datafield>
  <datafield tag="100" ind1=" " ind2=" ">
    <subfield code="a">West, Clare </subfield>
  </datafield>
  <datafield tag="245" ind1=" " ind2=" ">
    <subfield code="a">Dancing with Strangers : Stories from America /</subfield>
    <subfield code="c">Retold by Clare West </subfield>
  </datafield>
  <datafield tag="250" ind1=" " ind2=" ">
    <subfield code="a">First published in Oxford Bookworms 2008</subfield>
  </datafield>
  <datafield tag="260" ind1=" " ind2=" ">
    <subfield code="a">New York : </subfield>
    <subfield code="b">Oxford University Press ; </subfield>
    <subfield code="c">2004.</subfield>
  </datafield>
  <datafield tag="300" ind1=" " ind2=" ">
    <subfield code="a">71 pages : </subfield>
    <subfield code="b">illustrations ; </subfield>
    <subfield code="c">21 cm . </subfield>
  </datafield>
  <datafield tag="490" ind1=" " ind2=" ">
    <subfield code="a">Oxford Bookworms </subfield>
    <subfield code="v">3</subfield>
  </datafield>
  <datafield tag="505" ind1=" " ind2=" ">
    <subfield code="a">P 
</subfield>
  </datafield>
  <datafield tag="520" ind1=" " ind2=" ">
    <subfield code="a">Sometimes I think this search is hopeless. So much has happened since I last saw my friends. Perhaps they have died or the rebels have taken them away. But I know I have to find Laker. I know she needs me.' In a country torn by war, it is easy to stop hoping. All Atita has is an old photograph. She does not even know if she will recognize Laker after all these years . . . Bookworms World Stories collect stories written in English from around the world. This volume has stories byAfrican writers Jackee Budesta Batanda, Jack Cope,</subfield>
  </datafield>
  <datafield tag="521" ind1="8" ind2=" ">
    <subfield code="a">650 
</subfield>
    <subfield code="b">Lexile 
</subfield>
  </datafield>
  <datafield tag="521" ind1="8" ind2=" ">
    <subfield code="a">P 
</subfield>
    <subfield code="b">Raz-Plus 
</subfield>
  </datafield>
  <datafield tag="650" ind1=" " ind2=" ">
    <subfield code="a">mystery</subfield>
    <subfield code="v">fiction</subfield>
  </datafield>
  <datafield tag="700" ind1=" " ind2=" ">
    <subfield code="a">Bassett, Jennifer </subfield>
    <subfield code="e">Series Editor</subfield>
  </datafield>
  <datafield tag="942" ind1=" " ind2=" ">
    <subfield code="2">ddc</subfield>
    <subfield code="c">BK</subfield>
    <subfield code="n">0</subfield>
  </datafield>
  <datafield tag="999" ind1=" " ind2=" ">
    <subfield code="c">4789</subfield>
    <subfield code="d">4789</subfield>
  </datafield>
  <datafield tag="952" ind1=" " ind2=" ">
    <subfield code="0">0</subfield>
    <subfield code="1">0</subfield>
    <subfield code="2">ddc</subfield>
    <subfield code="4">0</subfield>
    <subfield code="7">0</subfield>
    <subfield code="8">FIC</subfield>
    <subfield code="a">001</subfield>
    <subfield code="b">001</subfield>
    <subfield code="c">TTP Orange</subfield>
    <subfield code="d">2024-10-14</subfield>
    <subfield code="l">0</subfield>
    <subfield code="o">WES 428.6 PE1126.A4</subfield>
    <subfield code="p">FIS00271</subfield>
    <subfield code="r">2024-10-14 09:48:29</subfield>
    <subfield code="w">2024-10-14</subfield>
    <subfield code="y">BK</subfield>
  </datafield>
</record>
